| Tag |
First Indicator |
Second Indicator |
Subfields |
| LEADER |
00000cam a2200000Ia 4500 |
| 001 |
in00001845021 |
| 005 |
20220105141143.0 |
| 006 |
m d |
| 007 |
cr cn- |
| 008 |
030821s2002 nyub sb 001 0 eng d |
| 020 |
|
|
|a 0765613859 (electronic bk.)
|
| 035 |
|
|
|a (OCoLC)ocm52888255
|
| 040 |
|
|
|a N$T
|c N$T
|d UtOrBLW
|
| 043 |
|
|
|a n-us---
|a a-ja---
|
| 049 |
|
|
|a IICC
|
| 050 |
1 |
4 |
|a E183.8.J3
|b D54 2002eb
|
| 082 |
0 |
4 |
|a 355/.031/09730952
|2 21
|
| 100 |
1 |
|
|a DiFilippo, Anthony,
|d 1950-
|0 http://id.loc.gov/authorities/names/n85219787
|
| 245 |
1 |
4 |
|a The challenges of the U.S.-Japan military arrangement :
|b competing security transitions in a changing international environment /
|c Anthony DiFilippo.
|
| 264 |
|
1 |
|a Armonk, N.Y. :
|b M.E. Sharpe,
|c [2002]
|
| 264 |
|
4 |
|c ©2002
|
| 300 |
|
|
|a x, 260 pages :
|b maps ;
|c 24 cm.
|
| 336 |
|
|
|a text
|b txt
|2 rdacontent
|
| 337 |
|
|
|a computer
|b c
|2 rdamedia
|
| 338 |
|
|
|a online resource
|b cr
|2 rdacarrier
|
| 500 |
|
|
|a "An East Gate book."
|
| 504 |
|
|
|a Includes bibliographical references (pages 237-250) and index.
|
| 533 |
|
|
|a Electronic reproduction.
|b Boulder, Colo. :
|c NetLibrary,
|d 2003.
|n Available via World Wide Web.
|n Access may be limited to NetLibrary affiliated libraries.
|
| 500 |
|
|
|a Electronic resource.
|
| 651 |
|
0 |
|a United States
|x Military relations
|z Japan.
|0 http://id.loc.gov/authorities/subjects/sh2007100061
|
| 651 |
|
0 |
|a Japan
|x Military relations
|z United States.
|0 http://id.loc.gov/authorities/subjects/sh2008115626
|
| 651 |
|
0 |
|a United States
|x Foreign relations
|z Japan.
|0 http://id.loc.gov/authorities/subjects/sh85140113
|
| 651 |
|
0 |
|a Japan
|x Foreign relations
|z United States.
|0 http://id.loc.gov/authorities/subjects/sh2008115634
|
| 651 |
|
0 |
|a United States
|x Military policy.
|0 http://id.loc.gov/authorities/subjects/sh85140379
|
| 651 |
|
0 |
|a Japan
|x Military policy.
|0 http://id.loc.gov/authorities/subjects/sh2008115602
|
| 650 |
|
0 |
|a National security
|z United States.
|0 http://id.loc.gov/authorities/subjects/sh85140387
|
| 650 |
|
0 |
|a National security
|z Japan.
|0 http://id.loc.gov/authorities/subjects/sh2008108219
|
| 655 |
|
7 |
|a Electronic books.
|2 local
|
| 710 |
2 |
|
|a NetLibrary, Inc.
|0 http://id.loc.gov/authorities/names/no99080690
|
| 776 |
1 |
|
|c Original
|z 0765610183
|w (DLC) 2002019093
|w (OCoLC)49225471
|
| 856 |
4 |
1 |
|u https://proxy.library.tamu.edu/login?url=http://www.netLibrary.com/urlapi.asp?action=summary&v=1&bookid=90188
|z Connect to the full text of this electronic book
|t 0
|
| 994 |
|
|
|a 92
|b IIC
|
| 999 |
|
|
|a MARS
|
| 999 |
f |
f |
|s b21751af-6db1-3ee7-ab87-8825146a89ac
|i adc36ef6-eaf9-3bb4-b07b-4ff9f39b38f6
|t 0
|
| 952 |
f |
f |
|a Texas A&M University
|b College Station
|c Electronic Resources
|d Available Online
|t 0
|e E183.8.J3 D54 2002eb
|h Library of Congress classification
|
| 998 |
f |
f |
|a E183.8.J3 D54 2002eb
|t 0
|l Available Online
|